| 000 | 00709nam a22001937a 4500 | ||
|---|---|---|---|
| 999 |
_c177890 _d177890 |
||
| 005 | 20210309160212.0 | ||
| 010 | _aUR-11060 | ||
| 020 |
_c300.00 _a978819441118-5 9-2 |
||
| 035 | _aU-9615 | ||
| 037 | _bDBAD/PUB | ||
| 082 | _a808 | ||
| 100 | _aمر تبہ:شمس بد ا يو نی | ||
| 245 |
_aخطو ط شبلی(بنا م خو ا تين فيضی) _cمر تبہ:شمس بد ا يو نی |
||
| 246 |
_bKhatoot-e-Shibli (Banam Khawateen Faizi ) (Urdu) _aby Shams Budauni |
||
| 260 |
_aN.Delhi _c2020 ء _bApplied Books |
||
| 270 |
_a1739/10,New Kohinoor Hotel Patodi House,Darya Ganj, _bN.Delhi _e110002 _l9837092245 |
||
| 300 |
_a258 ص _c22 Cm(Hb) |
||
| 942 |
_2ddc _cUR _h808 _mش م س |
||